Sustainable Design: The Science of Sustainability and Green Engineering (Record no. 13125)
[ view plain ]
| 000 -LEADER | |
|---|---|
| fixed length control field | 00256 a2200085 4500 |
| 020 ## - INTERNATIONAL STANDARD BOOK NUMBER | |
| International Standard Book Number | 978-0470130629 |
| 100 ## - MAIN ENTRY--PERSONAL NAME | |
| Personal name | Daniel A Vallero and chris Brasier |
| 245 ## - TITLE STATEMENT | |
| Title | Sustainable Design: The Science of Sustainability and Green Engineering |
| 260 ## - PUBLICATION, DISTRIBUTION, ETC. | |
| Name of publisher, distributor, etc. | Wiley |
| Date of publication, distribution, etc. | 2008 |
| Withdrawn status | Lost status | Source of classification or shelving scheme | Damaged status | Not for loan | Permanent Location | Current Location | Date acquired | Source of acquisition | Cost, normal purchase price | Total Checkouts | Full call number | Barcode | Date last seen | Date last checked out | Cost, replacement price | Price effective from | Koha item type |
|---|---|---|---|---|---|---|---|---|---|---|---|---|---|---|---|---|---|
| BMS College of Architecture, Design and Planning | BMS College of Architecture, Design and Planning | 2025-02-13 | 10 | 6902.37 | 1 | 720.47 | AR-PG727 | 2025-08-19 | 2025-07-31 | 9860.53 | 2025-02-13 | PG Books |